000 00416 a2200181 4500
260 _aParis
100 _aHENIN,S.
260 _bORSTOM
245 _aCours de physique du sol. I : Texture - structure - aƩration
300 _a159p.
650 _aPROPRIETE PHYSICOCHIMIQUE DU SOL
260 _c1976
130 _lFR
690 _aPHYSIQUE DU SOL
020 _a2-7099-0418-7
999 _c22428
_d22428